header

Power electronic converters for microgrids / (Record no. 108450)

MARC details
000 -LEADER
fixed length control field 01616nam a2200373 i 4500
001 - CONTROL NUMBER
control field ebr10862641
003 - CONTROL NUMBER IDENTIFIER
control field CaPaEBR
006 - FIXED-LENGTH DATA ELEMENTS--ADDITIONAL MATERIAL CHARACTERISTICS--GENERAL INFORMATION
fixed length control field m o d
007 - PHYSICAL DESCRIPTION FIXED FIELD--GENERAL INFORMATION
fixed length control field cr cn|||||||||
008 - FIXED-LENGTH DATA ELEMENTS--GENERAL INFORMATION
fixed length control field 150424t20142014si a ob 001 0 eng d
020 ## - INTERNATIONAL STANDARD BOOK NUMBER
Cancelled/invalid ISBN 9780470824030
International Standard Book Number 9780470824047 (e-book)
040 ## - CATALOGING SOURCE
Original cataloging agency CaPaEBR
Language of cataloging eng
Description conventions rda
-- pn
Transcribing agency CaPaEBR
035 ## - SYSTEM CONTROL NUMBER
System control number (OCoLC)869460708
050 14 - LIBRARY OF CONGRESS CALL NUMBER
Classification number TK7872.C8
Item number .P694 2014eb
082 04 - DEWEY DECIMAL CLASSIFICATION NUMBER
Classification number 621.31/4
Edition number 23
245 00 - TITLE STATEMENT
Title Power electronic converters for microgrids /
Statement of responsibility, etc Suleiman M. Sharkh [and three others].
264 #1 - PRODUCTION, PUBLICATION, DISTRIBUTION, MANUFACTURE, AND COPYRIGHT NOTICE
Place of production, publication, distribution, manufacture Singapore :
Name of producer, publisher, distributor, manufacturer IEEE :
-- Wiley,
Date of production, publication, distribution, manufacture, or copyright notice 2014.
Date of production, publication, distribution, manufacture, or copyright notice �2014
300 ## - PHYSICAL DESCRIPTION
Extent 1 online resource (311 pages) :
Other physical details illustrations
336 ## - CONTENT TYPE
Content type term text
Source rdacontent
337 ## - MEDIA TYPE
Media type term computer
Source rdamedia
338 ## - CARRIER TYPE
Carrier type term online resource
Source rdacarrier
504 ## - BIBLIOGRAPHY, ETC. NOTE
Bibliography, etc Includes bibliographical references at the end of each chapters and index.
588 ## - SOURCE OF DESCRIPTION NOTE
Source of description note Description based on print version record.
590 ## - LOCAL NOTE (RLIN)
Local note Electronic reproduction. Palo Alto, Calif. : ebrary, 2015. Available via World Wide Web. Access may be limited to ebrary affiliated libraries.
650 #0 - SUBJECT ADDED ENTRY--TOPICAL TERM
Topical term or geographic name as entry element Electric current converters.
Topical term or geographic name as entry element Small power production facilities
General subdivision Equipment and supplies.
655 #0 - INDEX TERM--GENRE/FORM
Genre/form data or focus term Electronic books.
700 1# - ADDED ENTRY--PERSONAL NAME
Personal name Sharkh, S. M.
Fuller form of name (Suleiman M.),
Relator term author.
776 08 - ADDITIONAL PHYSICAL FORM ENTRY
Display text Print version:
Title Power electronic converters for microgrids.
Place, publisher, and date of publication Singapore : IEEE : Wiley, c2014
Physical description xiv, 293 pages
International Standard Book Number 9780470824030
Record control number 2013046032
797 2# - LOCAL ADDED ENTRY--CORPORATE NAME (RLIN)
Corporate name or jurisdiction name as entry element ebrary.
856 40 - ELECTRONIC LOCATION AND ACCESS
Uniform Resource Identifier <a href="http://site.ebrary.com/lib/rucke/Doc?id=10862641">http://site.ebrary.com/lib/rucke/Doc?id=10862641</a>
Public note An electronic book accessible through the World Wide Web; click to view

No items available.

© 2026 Rongo University
Contact us: librarian | system librarian | Rongo university